Synopsis of the First Three Gospels /

Uloženo v:
Podrobná bibliografie
Hlavní autor: Huck, Albert (autor)
Médium: Kniha
Jazyk:angličtina
Vydáno: Nueva York, EUA : American Bible Society, hacia 1935
Vydání:9a edición
Témata:
Tagy: Přidat tag
Žádné tagy, Buďte první, kdo vytvoří štítek k tomuto záznamu!

MARC

LEADER 00000nam^a2200000^a^4500
001 000412321
005 20250521000000.0
009 20260310122135.473
037 |a Acervo Xavier Clavigero 
041 |a ING 
082 |a 226. 06  |b HUC 
100 |a Huck, Albert  |e (autor) 
245 1 0 |a Synopsis of the First Three Gospels /  |c A. Huck. 
250 |a 9a edición  |b revisada 
264 4 |a Nueva York, EUA :  |b American Bible Society,  |c hacia 1935 
300 |a XX, 213 p. 
336 |a texto  |b txt  |2 rdacontenido 
337 |a sin mediación  |b n  |2 rdamedio 
338 |a volumen  |b nc  |2 rdasoporte 
649 |a XX 
650 |a Biblia -  |x Nuevo Testamento -  |x Evangelios -  |x Marcos -  |x Historia y Crítica 
650 |a Biblia -  |x Nuevo Testamento -  |x Evangelios -  |x Mateo -  |x Historia y Crítica 
650 |a Biblia -  |x Nuevo Testamento -  |x Evangelios -  |x Lucas -  |x Historia y Crítica 
650 |a Biblia -  |x Nuevo Testamento -  |x Evangelios -  |x Historia y Crítica -  |x Tema Principal 
910 |a Fondo Víctor Raúl Durana Valerio S.J. 
920 |a Impresos - Libros 
930 |a Fondos Especiales 
905 |a 116 
901 |a 0500320875  |b IT2  |c ESP  |i D3959  |u 20250521 
902 |a https://opac.biblio.iteso.mx/vufind/Record/000412321